| 000 | 00783cam a22002411 4500 | ||
|---|---|---|---|
| 001 | af 48003756 | ||
| 003 | DLC | ||
| 005 | 20260227110904.0 | ||
| 008 | 890302s1943 gw 000 1 ger c | ||
| 010 | _aaf 48003756 | ||
| 035 | _a(OCoLC)19291083 | ||
| 040 |
_aYale Univ. Library _cCU _dDLC |
||
| 042 | _apremarc | ||
| 050 | 0 | 0 |
_aPT2374 _b.M5 1943 |
| 100 | 1 |
_aKeller, Gottfried, _d1819-1890. |
|
| 245 | 1 | 4 | _aDie missbrauchten Liebesbriefe und andere Novellen. |
| 250 | _a[1. Aufl. der Feldausgabe] | ||
| 260 |
_aGütersloh, _bC. Bertelsmann _c[1943] |
||
| 300 |
_a211 p. _c18 cm. |
||
| 505 | 0 | _aDie missbrauchten Liebesbriefe.--Die drei gerechten Kammacher.--Romeo und Julia auf dem Dorfe. | |
| 740 | 4 | _aDie drei gerechten Kammacher. | |
| 740 | 0 | _aRomeo und Julia auf dem Dorfe. | |
| 999 |
_c5760 _d5760 |
||